000 00403nam a2200157Ia 4500
003 LK-CoDNM
008 010623t2004 xxu||||| |||| 00| 1 eng d
040 _aLK-CoDNM
_dLK-CoDNM
_eLK-CoDNM
041 _aeng
080 _a327.323
_bJAY
100 _aJayawardena,Kumari
245 _aThe Rise Of The Labor Movement In Ceylon
260 _bSanjiva Books
_c2004
300 _b382p.;22 cm cm
942 _cBK
999 _c123540
_d123540